IFM Opac

China's imperial past: an introduction to Chinese history and culture (Record no. 16757)

MARC details
000 -LEADER
fixed length control field 00394nam a22001337a 4500
020 ## - INTERNATIONAL STANDARD BOOK NUMBER
International Standard Book Number 0 7156 0958 0
082 ## - DEWEY DECIMAL CLASSIFICATION NUMBER
Classification number 951 HUC
100 ## - MAIN ENTRY--PERSONAL NAME
Personal name HUCKER, Charles O.
245 ## - TITLE STATEMENT
Title China's imperial past: an introduction to Chinese history and culture
260 ## - PUBLICATION, DISTRIBUTION, ETC.
Place of publication, distribution, etc. London
Name of publisher, distributor, etc. Gerald Duckworth & Company
Date of publication, distribution, etc. 1975
300 ## - PHYSICAL DESCRIPTION
Extent xiv, 474 p.
Other physical details ill.; 24 cm.
500 ## - GENERAL NOTE
General note Includes maps and apendices
942 ## - ADDED ENTRY ELEMENTS (KOHA)
Koha item type Books
Holdings
Withdrawn status Lost status Source of classification or shelving scheme Damaged status Not for loan Home library Current library Shelving location Date acquired Full call number Barcode Date last seen Price effective from Koha item type
    Dewey Decimal Classification     IFM Main Campus Library IFM Main Campus Library   10/04/2016 951 HUC 0000006229 10/04/2016 10/04/2016 Books